000 00686nam a2200205 i 4500
001 184346
003 ES-MaACL
005 20250701063205.0
007 t|
008 150625s1909 sp r ||||1| spa d
080 _a821.134.2-31"18"
100 1 _aNombela, Julio,
_d1836-1919
_985930
245 1 2 _aLa piedra filosofal ; El pĆ­caro mundo ; La riqueza del pobre /
_cJulio Nombela.
260 _aMadrid :
_b[s.n.],
_c1909 (
_fAdministración de "La Ultima Moda")
300 _a439 p. ;
_c19 cm.
490 1 _aObras literarias de Julio Nombela ;
_v10
830 0 _aObras literarias de Julio Nombela ;
_v10
_9192120
852 _aES-MaACL
_jD-4184
999 _c184346
_d184346